00306 a2200109 4500001001000000005001700010008004100027245003500068100002300103773005300126999001700179ART_3050420260410162003.0260409a 10aLa arrogancia del racionalismo1 aBallesteros, Jorge0 tForo políticog- Vol. XX (ago. 1997)wREV30389 c31476d31476